000
00311nam a2200133Ia 4500
082
_a
610
_b
C09K
100
_a
KUMAR,PARVEEN
245
_a
KUMAR AND CLARK CLINICAL MEDICINE
250
_a
7TH
260
_b
JAYPEE BROTHERS
_a
DELHI
_c
2009
300
_a
1-1347
650
_a
MEDICINE AND DIAGNOSIS
942
_2
ddc
_c
BK
_0
6
999
_c
492
_d
492